Seguimiento de la contaminación producida por el accidente del buque Aegean Sea
Guardat en:
| Autor corporatiu: | |
|---|---|
| Format: | Llibre |
| Idioma: | espanyol |
| Publicat: |
Madrid, España
Ministerio de Medio Ambiente
1996
|
| Matèries: | |
| Etiquetes: |
Afegir etiqueta
Sense etiquetes, Sigues el primer a etiquetar aquest registre!
|
MARC
| LEADER | 00000nam a2200000 a 4500 | ||
|---|---|---|---|
| 001 | UCP7126 | ||
| 003 | CL-VaPUC | ||
| 005 | 20230317100158.0 | ||
| 008 | 991203e19960000SP |||||||||||||||||spa|d | ||
| 999 | |c 284445 |d 284443 | ||
| 040 | |c Pontificia Universidad Católica de Valparaíso | ||
| 082 | 0 | 4 | |a 344.046 MIN 1996 |2 21 |
| 110 | 2 | |a Ministerio de Medio Ambiente |e autor |9 436521 | |
| 245 | 1 | 0 | |a Seguimiento de la contaminación producida por el accidente del buque Aegean Sea |
| 260 | 0 | 3 | |a Madrid, España |b Ministerio de Medio Ambiente |c 1996 |
| 300 | |a 185 páginas | ||
| 583 | |a last modification |c 19991203 00:00:00 |k Rodrigo Vera | ||
| 650 | 0 | |a Contaminación del mar |9 339619 | |
| 650 | 0 | |a Transporte marítimo |9 260127 | |
| 650 | 7 | |a BUQUE PETROLERO |2 CL-VaPUC |9 436522 | |
| 650 | 7 | |a HIDROCARBUROS |2 CL-VaPUC |9 344783 | |
| 650 | 0 | |a Accidentes marítimos |9 333327 | |
| 942 | |c BK |2 ddc | ||
| 945 | |d 19991203 00:00:00 |a rbrito | ||
| 952 | |0 0 |1 0 |2 ddc |4 0 |6 344_046000000000000_MIN_1996 |7 0 |8 A |9 328489 |a BIBING |b BIBING |d 2019-11-20 |i 3579913 |o 344.046 MIN 1996 |p 3579913 |r 2025-01-20 |t 1 |w 2019-11-20 |y BK |k TRA | ||